[Event "Niedersachsen-ch Seniors op 11th"]
[Site "Bad Bevensen"]
[Date "2008.07.14"]
[Round "7"]
[White "Kessner, Helmut"]
[Black "Gruber, Albert"]
[Result "0-1"]
[WhiteElo "1476"]
[BlackElo "1687"]
[PlyCount "54"]
[EventDate "2008.07.08"]
[EventType "swiss"]
[EventRounds "9"]
[EventCountry "GER"]
[SourceTitle "EXT 2022"]
[Source "ChessBase"]
[SourceDate "2021.10.06"]
[SourceVersion "1"]
[SourceVersionDate "2021.10.06"]
[SourceQuality "1"]

1. e4 e5 2. Nf3 Nc6 3. Bc4 Be7 4. 0-0 Nf6 5. Re1 0-0 6. c3 d6 7. h3 Be6 8. Bxe6 fxe6 9. d4 exd4 10. cxd4 d5 11. e5 Ne4 12. a3 Bh4 13. Be3 Rf7 14. Nbd2 Be7 15. Rc1 h6 16. Qc2 Nxd2 17. Qxd2 Rf5 18. Nh2 Bg5 19. Rc3 Qe7 20. g4 Bxe3 21. Rcxe3 Rf4 22. Nf3 Raf8 23. Rd3 Qf7 24. Qe2 g5 25. Kg2 Ne7 26. Rd2 Ng6 27. b4 Rxf3 0-1

[Event "Niedersachsen-ch Seniors op 11th"]
[Site "Bad Bevensen"]
[Date "2008.07.13"]
[Round "6"]
[White "Luebbers, Doris"]
[Black "Kessner, Helmut"]
[Result "0-1"]
[WhiteElo "1334"]
[BlackElo "1476"]
[PlyCount "115"]
[EventDate "2008.07.08"]
[EventType "swiss"]
[EventRounds "9"]
[EventCountry "GER"]
[SourceTitle "EXT 2022"]
[Source "ChessBase"]
[SourceDate "2021.10.06"]
[SourceVersion "1"]
[SourceVersionDate "2021.10.06"]
[SourceQuality "1"]

1. d4 d5 2. Nf3 e6 3. e3 a6 4. c4 c6 5. b3 Nf6 6. Bb2 Bb4+ 7. Bc3 Bxc3+ 8. Nxc3 0-0 9. Bd3 Nbd7 10. 0-0 Qc7 11. cxd5 cxd5 12. Qc2 h6 13. Rac1 Qd6 14. Rfe1 Rb8 15. Bf1 b5 16. g3 Bb7 17. Bg2 Rbc8 18. Qb2 Rc7 19. Ne2 Rfc8 20. Rxc7 Rxc7 21. Rc1 Ne4 22. Nd2 Ndf6 23. Nxe4 dxe4 24. Rxc7 Qxc7 25. Qc3 Qb6 26. Qc5 Qa5 27. Qc3 Qxa2 28. Nc1 Qb1 29. Bf1 Nd5 30. Qd2 b4 31. Kg2 a5 32. Be2 Nc3 33. Bc4 Bd5 34. Bxd5 exd5 35. h3 g6 36. Kh2 Kg7 37. Kg2 Qa1 38. Qc2 a4 39. bxa4 Qxa4 40. Qxa4 Nxa4 41. Nb3 Nc3 42. Kf1 f5 43. Ke1 Kf6 44. Kf1 g5 45. Kg2 h5 46. Kh2 Ne2 47. Kg2 f4 48. g4 f3+ 49. Kf1 Kg6 50. Nd2 Nc3 51. Nb3 h4 52. Ke1 Kf6 53. Nc5 Ke7 54. Kd2 Ne2 55. Na6 b3 56. Nb4 Kd6 57. Kd1 Ng1 58. Kc1 0-1

[Event "Niedersachsen-ch Seniors op 11th"]
[Site "Bad Bevensen"]
[Date "2008.07.11"]
[Round "4"]
[White "Buss, Richard"]
[Black "Kessner, Helmut"]
[Result "1-0"]
[WhiteElo "1392"]
[BlackElo "1476"]
[PlyCount "81"]
[EventDate "2008.07.08"]
[EventType "swiss"]
[EventRounds "9"]
[EventCountry "GER"]
[SourceTitle "EXT 2022"]
[Source "ChessBase"]
[SourceDate "2021.10.06"]
[SourceVersion "1"]
[SourceVersionDate "2021.10.06"]
[SourceQuality "1"]

1. e4 c5 2. Nf3 e6 3. d4 cxd4 4. Nxd4 a6 5. a3 Nf6 6. Nc3 d6 7. Be3 Be7 8. Bd3 0-0 9. 0-0 Nc6 10. f4 Qb6 11. Nf5 Qc7 12. Ng3 b5 13. b4 Bd7 14. h3 Rac8 15. Nce2 Rb8 16. Rc1 Qb7 17. Qd2 Qc8 18. c3 Qd8 19. Qc2 Rc8 20. Qb1 Ra8 21. Rfd1 Re8 22. Kh2 g6 23. Ng1 Kg7 24. Nf3 Ng8 25. Rg1 f6 26. Ne2 f5 27. e5 Nh6 28. Bf2 Nf7 29. exd6 Nxd6 30. Bc5 Nf7 31. Bxe7 Qxe7 32. Rce1 Qf6 33. g4 fxg4 34. hxg4 Nh8 35. g5 Qf7 36. Ref1 Rad8 37. Ne5 Nxe5 38. fxe5 Qe7 39. Rf6 Bc8 40. Nf4 Qc7 41. Qe1 1-0

[Event "Niedersachsen-ch Seniors op 11th"]
[Site "Bad Bevensen"]
[Date "2008.07.09"]
[Round "2"]
[White "Herzel, Alois"]
[Black "Kessner, Helmut"]
[Result "1-0"]
[WhiteElo "1763"]
[BlackElo "1476"]
[PlyCount "125"]
[EventDate "2008.07.08"]
[EventType "swiss"]
[EventRounds "9"]
[EventCountry "GER"]
[SourceTitle "EXT 2022"]
[Source "ChessBase"]
[SourceDate "2021.10.06"]
[SourceVersion "1"]
[SourceVersionDate "2021.10.06"]
[SourceQuality "1"]

1. d4 d5 2. c4 c6 3. e3 a6 4. Nc3 e6 5. Bd3 Nf6 6. Nf3 Nbd7 7. 0-0 Bd6 8. e4 dxe4 9. Nxe4 Nxe4 10. Bxe4 Nf6 11. Bd3 0-0 12. Qc2 Be7 13. Rd1 Qc7 14. Bg5 g6 15. h3 Kg7 16. Qd2 Ng8 17. Bxe7 Qxe7 18. Re1 Qf6 19. Ne5 Nh6 20. g4 Qh4 21. Kg2 Qd8 22. Qe3 a5 23. Rad1 a4 24. Be4 Ra5 25. Qc3 Ra6 26. d5 cxd5 27. Nd7+ f6 28. Nxf8 Qxf8 29. cxd5 Nf7 30. dxe6 Rxe6 31. Bd5 Rxe1 32. Rxe1 Qd8 33. Rd1 Be6 34. Qd4 Bxd5+ 35. Qxd5 Qb6 36. Rd2 Qb4 37. Qd4 Qb5 38. f4 Qc6+ 39. Kg3 Qc7 40. h4 h6 41. Qd7 Qc1 42. Qd4 Qe1+ 43. Qf2 Qh1 44. Rd7 Qc6 45. Qd4 Qe6 46. Rxb7 Qe1+ 47. Qf2 Qh1 48. Re7 Qd5 49. a3 Qb3+ 50. Kg2 Qd5+ 51. Kf1 Qd3+ 52. Kg2 Qd5+ 53. Kh2 Qd6 54. Qe3 Qc6 55. Qd3 Qb6 56. Qc2 Qd6 57. Re4 g5 58. Rxa4 gxf4 59. Kg1 f3 60. Kf1 f2 61. h5 Ne5 62. Ra7+ Kf8 63. Qc8+ 1-0

[Event "Niedersachsen-ch Seniors op 10th"]
[Site "Bad Bevensen"]
[Date "2007.07.09"]
[Round "7"]
[White "Kessner, Helmut"]
[Black "Wittkugel, Friedhelm"]
[Result "0-1"]
[WhiteElo "1551"]
[BlackElo "1785"]
[PlyCount "82"]
[EventDate "2007.07.03"]
[EventType "swiss"]
[EventRounds "9"]
[EventCountry "GER"]
[SourceTitle "EXT 2022"]
[Source "ChessBase"]
[SourceDate "2021.10.06"]
[SourceVersion "1"]
[SourceVersionDate "2021.10.06"]
[SourceQuality "1"]

1. e4 g6 2. Nf3 Bg7 3. Bc4 d6 4. h3 Nf6 5. d3 0-0 6. 0-0 Nbd7 7. a3 c6 8. Nc3 b5 9. Ba2 a5 10. Re1 e5 11. Be3 h6 12. Qc1 Kh7 13. Kh2 Ng8 14. Ne2 f5 15. Bxg8+ Rxg8 16. exf5 gxf5 17. Rh1 Nf6 18. c4 Qe7 19. Kg1 Be6 20. Bd2 e4 21. dxe4 fxe4 22. Nfd4 Bd7 23. Ng3 Qe5 24. Be3 Nh5 25. Nge2 bxc4 26. Qxc4 c5 27. Nc2 Be6 28. Qa4 Qxb2 29. Qxe4+ Kh8 30. Qxe6 Qxc2 31. Re1 Rae8 32. Qxd6 Rxe3 33. fxe3 Qe4 34. Nf4 Bf8 35. Qd3 Rxg2+ 36. Nxg2 Qxd3 37. Kf2 Qc2+ 38. Re2 Qf5+ 39. Nf4 Nxf4 40. exf4 Qxf4+ 41. Ke1 Qc1+ 0-1

[Event "Niedersachsen-ch Seniors op 10th"]
[Site "Bad Bevensen"]
[Date "2007.07.06"]
[Round "4"]
[White "Ehresmann, Horst"]
[Black "Kessner, Helmut"]
[Result "0-1"]
[WhiteElo "1366"]
[BlackElo "1551"]
[PlyCount "64"]
[EventDate "2007.07.03"]
[EventType "swiss"]
[EventRounds "9"]
[EventCountry "GER"]
[SourceTitle "EXT 2022"]
[Source "ChessBase"]
[SourceDate "2021.10.06"]
[SourceVersion "1"]
[SourceVersionDate "2021.10.06"]
[SourceQuality "1"]

1. g3 e6 2. Bg2 g6 3. d3 Bg7 4. Nd2 d5 5. e3 Nf6 6. Ne2 0-0 7. 0-0 Nbd7 8. Rb1 a5 9. b3 a4 10. a3 axb3 11. cxb3 b6 12. Bb2 Ba6 13. Nf3 Bb7 14. a4 c5 15. Nc3 Bc6 16. h3 Qb8 17. Re1 Qb7 18. Kh2 Ra5 19. Ng1 b5 20. Nxb5 Bxb5 21. axb5 Rxb5 22. b4 cxb4 23. Bxf6 Bxf6 24. d4 b3 25. Rb2 Nc5 26. Bf1 Rb4 27. Nf3 Na4 28. Rd2 b2 29. Bd3 Nc3 30. Qc2 Rb3 31. Rb1 Nxb1 32. Qxb1 Ra8 0-1

[Event "Hessen-ch Seniors op 03rd"]
[Site "Bad Sooden-Allendorf"]
[Date "2007.04.29"]
[Round "2"]
[White "Kessner, Helmut"]
[Black "Schmidt, Werner"]
[Result "1-0"]
[WhiteElo "1571"]
[BlackElo "1405"]
[PlyCount "33"]
[EventDate "2007.04.27"]
[EventType "swiss"]
[EventRounds "9"]
[EventCountry "GER"]
[SourceTitle "EXT 2022"]
[Source "ChessBase"]
[SourceDate "2021.10.06"]
[SourceVersion "1"]
[SourceVersionDate "2021.10.06"]
[SourceQuality "1"]

1. e4 d6 2. Nf3 Nf6 3. Nc3 g6 4. Bc4 Bg7 5. 0-0 Bg4 6. h3 Bxf3 7. Qxf3 0-0 8. d4 e5 9. dxe5 dxe5 10. Rd1 Qe7 11. Bg5 c6 12. Rd2 Nbd7 13. Rad1 h6 14. Rxd7 Qc5 15. Bxf6 Qxc4 16. Bxg7 Kxg7 17. Rxb7 1-0

[Event "GER-ch Seniors 18th"]
[Site "Dresden"]
[Date "2006.07.30"]
[Round "9"]
[White "Draxler, Gottfried"]
[Black "Kessner, Helmut"]
[Result "1/2-1/2"]
[WhiteElo "1701"]
[BlackElo "1616"]
[PlyCount "43"]
[EventDate "2006.07.22"]
[EventType "swiss"]
[EventRounds "9"]
[EventCountry "GER"]
[SourceTitle "EXT 2022"]
[Source "ChessBase"]
[SourceDate "2021.10.06"]
[SourceVersion "1"]
[SourceVersionDate "2021.10.06"]
[SourceQuality "1"]

1. d4 d5 2. c4 c6 3. cxd5 cxd5 4. Nc3 Nf6 5. Nf3 e6 6. Bg5 Be7 7. e3 0-0 8. Bd3 Nbd7 9. 0-0 h6 10. Bh4 a6 11. Rc1 b5 12. b3 Bb7 13. Nd2 Rc8 14. f3 Ba3 15. Rc2 Be7 16. Ncb1 Re8 17. Qc1 Qa5 18. Qb2 Rxc2 19. Bxc2 Rc8 20. Rc1 Kh8 21. Be1 Qc7 22. Nf1 1/2-1/2

[Event "GER-ch Seniors 18th"]
[Site "Dresden"]
[Date "2006.07.28"]
[Round "7"]
[White "Vesper, Horst"]
[Black "Kessner, Helmut"]
[Result "1-0"]
[WhiteElo "1665"]
[BlackElo "1616"]
[PlyCount "73"]
[EventDate "2006.07.22"]
[EventType "swiss"]
[EventRounds "9"]
[EventCountry "GER"]
[SourceTitle "EXT 2022"]
[Source "ChessBase"]
[SourceDate "2021.10.06"]
[SourceVersion "1"]
[SourceVersionDate "2021.10.06"]
[SourceQuality "1"]

1. e4 c5 2. Nf3 e6 3. d4 cxd4 4. Nxd4 Nc6 5. Be3 Nf6 6. Nc3 Bb4 7. Bd3 0-0 8. 0-0 Bxc3 9. bxc3 h6 10. f4 d6 11. Qf3 Qd7 12. h3 a6 13. Rad1 Qc7 14. Qg3 Ne8 15. f5 f6 16. Bxh6 Ne5 17. Bd2 b5 18. fxe6 Qe7 19. Be2 Bxe6 20. Nxe6 Qxe6 21. a3 Kf7 22. Bf4 Kg8 23. Bxe5 dxe5 24. Bg4 Qb6+ 25. Kh1 Ra7 26. Bf5 g5 27. Qg4 Ng7 28. Rd5 Qe3 29. Rd3 Qc5 30. Be6+ Kh8 31. Bb3 Qe7 32. Rfd1 Rc7 33. Rd7 Rxd7 34. Qxd7 Qxa3 35. Qd6 Qa5 36. Qxf8+ Kh7 37. Rd7 1-0

[Event "GER-ch Seniors 18th"]
[Site "Dresden"]
[Date "2006.07.27"]
[Round "6"]
[White "Kessner, Helmut"]
[Black "Richter, Gerhard"]
[Result "0-1"]
[WhiteElo "1616"]
[BlackElo "1784"]
[PlyCount "20"]
[EventDate "2006.07.22"]
[EventType "swiss"]
[EventRounds "9"]
[EventCountry "GER"]
[SourceTitle "EXT 2022"]
[Source "ChessBase"]
[SourceDate "2021.10.06"]
[SourceVersion "1"]
[SourceVersionDate "2021.10.06"]
[SourceQuality "1"]

1. e4 d6 2. Nf3 Nf6 3. Nc3 c6 4. Be2 Bg4 5. d4 e6 6. 0-0 d5 7. e5 Nfd7 8. Bg5 Qc7 9. h3 Bxf3 10. Bxf3 c5 0-1

[Event "Hessen-ch Seniors op 02nd"]
[Site "Bad Sooden-Allendorf"]
[Date "2006.05.03"]
[Round "9"]
[White "Kessner, Helmut"]
[Black "Schiller, Hans"]
[Result "0-1"]
[WhiteElo "1632"]
[BlackElo "1724"]
[PlyCount "116"]
[EventDate "2006.04.25"]
[EventType "swiss"]
[EventRounds "9"]
[EventCountry "GER"]
[SourceTitle "EXT 2007"]
[Source "ChessBase"]
[SourceDate "2006.11.23"]
[SourceVersion "1"]
[SourceVersionDate "2006.11.23"]
[SourceQuality "1"]

1. e4 c5 2. Nf3 d6 3. d4 cxd4 4. Nxd4 Nf6 5. Nd2 Nc6 6. c3 g6 7. Be2 Bg7 8. N4f3 0-0 9. 0-0 a6 10. Qc2 b5 11. a3 Bb7 12. c4 bxc4 13. Qxc4 Rc8 14. Qd3 Nd7 15. Rb1 Nde5 16. Nxe5 Nxe5 17. Qe3 Qd7 18. f3 Nc6 19. Kh1 Bd4 20. Qd3 Bg7 21. Nc4 Ne5 22. Nxe5 Bxe5 23. Be3 Rc6 24. f4 Bg7 25. Bf3 e6 26. Rfd1 Rfc8 27. Kg1 Rc2 28. Qb3 R2c4 29. Qd3 Bf8 30. Bd4 d5 31. b3 Rxd4 32. Qe2 Rxd1+ 33. Qxd1 Qc6 34. exd5 exd5 35. b4 Qc2 36. Qf1 Qc3 37. h3 Qxa3 38. Kh2 Bxb4 39. Rd1 Qa2 40. Qd3 Rd8 41. Kg3 Qa3 42. Qd4 Qa5 43. Qb2 Qb6 44. Qe5 Qc5 45. Qe2 a5 46. Qa2 Rd6 47. Qb1 Bc6 48. Rc1 Qb5 49. Qc2 a4 50. Rb1 Bd7 51. Qc7 Qb6 52. Qc2 Bf5 53. Qa2 Bxb1 54. Qxb1 Qc5 55. Qa1 a3 56. Qe5 Bc3 57. Qe8+ Kg7 58. Qe7 a2 0-1

[Event "Hessen-ch Seniors op 02nd"]
[Site "Bad Sooden-Allendorf"]
[Date "2006.05.02"]
[Round "8"]
[White "Tomas, Johann"]
[Black "Kessner, Helmut"]
[Result "1-0"]
[WhiteElo "1571"]
[BlackElo "1632"]
[PlyCount "125"]
[EventDate "2006.04.25"]
[EventType "swiss"]
[EventRounds "9"]
[EventCountry "GER"]
[SourceTitle "EXT 2007"]
[Source "ChessBase"]
[SourceDate "2006.11.23"]
[SourceVersion "1"]
[SourceVersionDate "2006.11.23"]
[SourceQuality "1"]

1. e4 c5 2. Nc3 e6 3. Nf3 a6 4. a4 d6 5. Bc4 Nf6 6. d4 cxd4 7. Nxd4 Be7 8. 0-0 0-0 9. Be3 Qc7 10. Bd3 Nc6 11. Nxc6 bxc6 12. Qf3 e5 13. h3 Rb8 14. b3 a5 15. Rad1 Be6 16. Bg5 Kh8 17. Bxf6 Bxf6 18. Ne2 Qe7 19. Ng3 g6 20. Qe2 Bh4 21. Qd2 Qd8 22. Nh1 Bg5 23. Qe2 Qe7 24. Ng3 Rg8 25. Qe1 Qc7 26. Qc3 Rg7 27. Ne2 Qb6 28. Kh1 Qc7 29. f4 Bh6 30. fxe5 dxe5 31. Rf3 Rf8 32. Rdf1 c5 33. Rf6 Rgg8 34. Bc4 Bg7 35. R6f3 Bxc4 36. Qxc4 f6 37. Nc3 Qc8 38. Nd5 Rf7 39. Nxf6 Rgf8 40. Ng4 Rxf3 41. Rxf3 Rf4 42. Rxf4 exf4 43. Qf7 Qb8 44. Qe7 h5 45. Nf6 Bxf6 46. Qxf6+ Kh7 47. Qe7+ Kh6 48. Qxc5 Qd8 49. Qd5 Qh4 50. Qd2 g5 51. Kg1 f3 52. gxf3 Qxh3 53. Qg2 Qd7 54. Qe2 h4 55. Qd3 Qh3 56. Qd6+ Kg7 57. Qe7+ Kg6 58. Qe8+ Kg7 59. Qe5+ Kh6 60. Qf6+ Kh7 61. Qf5+ Qxf5 62. exf5 Kg7 63. b4 1-0

[Event "Hessen-ch Seniors op 01st"]
[Site "Bad Sooden-Allendorf"]
[Date "2005.04.30"]
[Round "9"]
[White "Kessner, Helmut"]
[Black "Mueller Using, Detlev"]
[Result "0-1"]
[WhiteElo "1652"]
[BlackElo "1871"]
[PlyCount "62"]
[EventDate "2005.04.22"]
[EventType "swiss"]
[EventRounds "9"]
[EventCountry "GER"]
[SourceTitle "EXT 2007"]
[Source "ChessBase"]
[SourceDate "2006.11.23"]
[SourceVersion "1"]
[SourceVersionDate "2006.11.23"]
[SourceQuality "1"]

1. e4 c5 2. Nf3 e6 3. d4 cxd4 4. Nxd4 Nf6 5. Bd3 Nc6 6. c3 d5 7. Nxc6 bxc6 8. e5 Nd7 9. Qe2 Qc7 10. f4 a5 11. 0-0 Nc5 12. Rd1 Nxd3 13. Qxd3 Ba6 14. Qf3 Rb8 15. a4 Bc5+ 16. Kh1 g5 17. Re1 gxf4 18. Qxf4 Bd3 19. Nd2 Rg8 20. Qf3 Bf5 21. h3 Qe7 22. Qf4 Rg4 23. Qf3 Qh4 24. Rf1 Kd7 25. b3 Rbg8 26. Ba3 Rxg2 27. Bxc5 R2g3 28. Rf2 Qxh3+ 29. Rh2 Rxf3 30. Bg1 Qg4 31. Re1 Rh3 0-1

[Event "Hessen-ch Seniors op 01st"]
[Site "Bad Sooden-Allendorf"]
[Date "2005.04.25"]
[Round "4"]
[White "Nietsch, Horst"]
[Black "Kessner, Helmut"]
[Result "1-0"]
[WhiteElo "1953"]
[BlackElo "1652"]
[PlyCount "85"]
[EventDate "2005.04.22"]
[EventType "swiss"]
[EventRounds "9"]
[EventCountry "GER"]
[SourceTitle "EXT 2007"]
[Source "ChessBase"]
[SourceDate "2006.11.23"]
[SourceVersion "1"]
[SourceVersionDate "2006.11.23"]
[SourceQuality "1"]

1. e4 c5 2. Nf3 Nc6 3. d4 cxd4 4. Nxd4 e6 5. Nb5 d6 6. N1c3 a6 7. Nd4 Be7 8. Be3 Nf6 9. Be2 Bd7 10. 0-0 Nxd4 11. Bxd4 Bc6 12. Bd3 Qc7 13. Qe2 0-0 14. e5 dxe5 15. Bxe5 Qb6 16. Rad1 Qb4 17. f4 Rfe8 18. Kh1 g6 19. a3 Qb6 20. Ne4 Nxe4 21. Bxe4 Bf8 22. Qf3 Rac8 23. Bd4 Bc5 24. Be5 Bf8 25. Bxc6 Rxc6 26. Rd2 Bg7 27. c3 Bxe5 28. fxe5 Rf8 29. Qf6 Qc7 30. Rfd1 Qb8 31. h4 h5 32. Rd8 Rc8 33. Rxf8+ Rxf8 34. g4 hxg4 35. h5 Kh7 36. hxg6+ Kh6 37. g7+ Kh7 38. gxf8Q Qxf8 39. Qh4+ Qh6 40. Qxh6+ Kxh6 41. Rf1 Kg7 42. Kg2 Kg6 43. Kg3 1-0

[Event "Hessen-ch Seniors op 01st"]
[Site "Bad Sooden-Allendorf"]
[Date "2005.04.22"]
[Round "1"]
[White "Kessner, Helmut"]
[Black "Lisek, Irma"]
[Result "1-0"]
[WhiteElo "1652"]
[BlackElo "1430"]
[PlyCount "107"]
[EventDate "2005.04.22"]
[EventType "swiss"]
[EventRounds "9"]
[EventCountry "GER"]
[SourceTitle "EXT 2007"]
[Source "ChessBase"]
[SourceDate "2006.11.23"]
[SourceVersion "1"]
[SourceVersionDate "2006.11.23"]
[SourceQuality "1"]

1. e4 e5 2. Nf3 Nc6 3. Nc3 d6 4. d4 Bg4 5. dxe5 Nxe5 6. Be2 Nxf3+ 7. Bxf3 Bxf3 8. Qxf3 Nf6 9. Be3 Be7 10. 0-0 0-0 11. Rad1 Nd7 12. Nd5 Ne5 13. Qg3 Bh4 14. Qh3 Ng6 15. g3 Bf6 16. c3 Ne5 17. f4 Qd7 18. Qxd7 Nxd7 19. Nxc7 Rac8 20. Nb5 a6 21. Nxd6 Rc7 22. e5 Be7 23. Rd2 Bxd6 24. Rxd6 Nb8 25. Rfd1 Rcc8 26. Bb6 Nc6 27. Rd7 Rb8 28. Bc7 Rbc8 29. Bd6 Rfd8 30. Rxb7 Nb8 31. Kf1 Nc6 32. Rb6 a5 33. a3 h6 34. Re1 Re8 35. Rb5 Ra8 36. a4 Ne7 37. c4 Nc6 38. Rd1 Red8 39. Rdd5 g6 40. Ke2 Ra6 41. Ke3 Rda8 42. Rb7 Kg7 43. b3 Nd8 44. Rbb5 h5 45. Bc7 Nc6 46. Rd7 Kf8 47. Rbd5 Ke8 48. R7d6 R8a7 49. Bd8 Nxd8 50. Rxd8+ Ke7 51. Rb8 Rd7 52. Rxd7+ Kxd7 53. Rb7+ Ke6 54. Rb5 1-0

[Event "Bad Sooden-Allendorf Seniors op 16th"]
[Site "Bad Sooden-Allendorf"]
[Date "2004.04.29"]
[Round "8"]
[White "Kessner, Helmut"]
[Black "Hoffmann, Erich"]
[Result "1-0"]
[WhiteElo "1905"]
[BlackElo "1706"]
[PlyCount "63"]
[EventDate "2004.04.22"]
[EventType "swiss"]
[EventRounds "9"]
[EventCountry "GER"]
[SourceTitle "EXT 2006"]
[Source "ChessBase"]
[SourceDate "2005.11.24"]
[SourceVersion "1"]
[SourceVersionDate "2005.11.24"]
[SourceQuality "1"]

1. e4 Nf6 2. e5 Nd5 3. c4 Nb6 4. Nf3 d6 5. Be2 Nc6 6. exd6 exd6 7. 0-0 Be7 8. d4 0-0 9. d5 Ne5 10. Nxe5 dxe5 11. Nc3 Bf5 12. Be3 Bg5 13. Qd2 Bxe3 14. Qxe3 f6 15. Rad1 Qe8 16. b3 Bg6 17. Nb5 Qe7 18. d6 cxd6 19. Nxd6 Nc8 20. c5 Nxd6 21. cxd6 Qd7 22. Rd2 e4 23. Bc4+ Kh8 24. Qc5 Rfc8 25. Qe3 f5 26. f3 exf3 27. Qxf3 Re8 28. Rfd1 Rac8 29. a4 a6 30. h3 b5 31. axb5 axb5 32. Bf1 1-0

[Event "Bad Sooden-Allendorf Seniors op 16th"]
[Site "Bad Sooden-Allendorf"]
[Date "2004.04.26"]
[Round "5"]
[White "Gerstenberg, Lutz"]
[Black "Kessner, Helmut"]
[Result "1/2-1/2"]
[WhiteElo "1705"]
[BlackElo "1905"]
[PlyCount "113"]
[EventDate "2004.04.22"]
[EventType "swiss"]
[EventRounds "9"]
[EventCountry "GER"]
[SourceTitle "EXT 2006"]
[Source "ChessBase"]
[SourceDate "2005.11.24"]
[SourceVersion "1"]
[SourceVersionDate "2005.11.24"]
[SourceQuality "1"]

1. d4 d5 2. Nf3 e6 3. g3 Nf6 4. Bg2 c5 5. e3 Nbd7 6. c3 Qc7 7. 0-0 Bd6 8. b3 b5 9. dxc5 Nxc5 10. Bb2 Nce4 11. Qd3 Rb8 12. Nd4 a6 13. Nd2 Nxd2 14. Qxd2 0-0 15. Rac1 Bb7 16. Rfd1 Rfd8 17. Qe2 Qb6 18. Rc2 Rdc8 19. Rdc1 Bc5 20. Nf3 Qd8 21. Ne5 Nd7 22. c4 Nxe5 23. Bxe5 Bd6 24. Bxd6 Qxd6 25. cxb5 Rxc2 26. Rxc2 axb5 27. Qxb5 Ba6 28. Qa5 Bd3 29. Rc7 h6 30. Qa7 Rf8 31. Bf3 Qe5 32. Rc1 Qb2 33. Re1 Bb1 34. Kg2 Qxa2 35. Qxa2 Bxa2 36. b4 Rb8 37. Re2 Bc4 38. Rb2 Kf8 39. h4 f5 40. Bd1 Ke7 41. Kf3 e5 42. g4 Kf6 43. Kg3 fxg4 44. Bxg4 g6 45. Bd7 Ke7 46. Ba4 Bb5 47. Bb3 Ke6 48. e4 Bc4 49. exd5+ Bxd5 50. Bc2 e4 51. Kf4 Rf8+ 52. Ke3 Rf3+ 53. Ke2 Rh3 54. b5 Kd7 55. Rb4 Rxh4 56. Ke3 Rh3+ 57. Ke2 1/2-1/2

[Event "Bad Sooden-Allendorf Seniors op 16th"]
[Site "Bad Sooden-Allendorf"]
[Date "2004.04.25"]
[Round "4"]
[White "Kessner, Helmut"]
[Black "Thonig, Manfred"]
[Result "1-0"]
[WhiteElo "1905"]
[BlackElo "1565"]
[PlyCount "125"]
[EventDate "2004.04.22"]
[EventType "swiss"]
[EventRounds "9"]
[EventCountry "GER"]
[SourceTitle "EXT 2006"]
[Source "ChessBase"]
[SourceDate "2005.11.24"]
[SourceVersion "1"]
[SourceVersionDate "2005.11.24"]
[SourceQuality "1"]

1. e4 g6 2. Nf3 Bg7 3. d4 c6 4. c3 d5 5. e5 Bg4 6. h3 Bxf3 7. Qxf3 Nh6 8. Bd3 Nd7 9. 0-0 Nf8 10. Re1 Ne6 11. Be3 Qd7 12. Nd2 b5 13. Nb3 0-0 14. Qg3 f5 15. f4 Nf7 16. h4 Kh8 17. Kf2 Rg8 18. Rh1 Nh6 19. Be2 Raf8 20. Bf3 a5 21. Nxa5 c5 22. Nb3 c4 23. Nd2 Nf7 24. Qh2 h5 25. Be2 Nh6 26. g3 Ng4+ 27. Bxg4 fxg4 28. Qg1 Bh6 29. Ke2 Ng7 30. Qb1 Nf5 31. Bf2 e6 32. Qc2 Qf7 33. a4 bxa4 34. Rxa4 Nxg3+ 35. Bxg3 Bxf4 36. Rf1 Qe7 37. Rxf4 Rxf4 38. Bxf4 Qxh4 39. Nf1 Qh1 40. Ke1 h4 41. Bg5 g3 42. Bf6+ Kh7 43. Ra7+ Kh6 44. Bg5+ Kxg5 45. Qd2+ Kg4 46. Rf7 g5 47. Qe2+ Kh3 48. Kd2 Qg2 49. Ke1 Qxe2+ 50. Kxe2 g4 51. Ne3 g2 52. Kf2 g3+ 53. Kg1 Ra8 54. Nxg2 Ra2 55. Nf4+ Kg4 56. Nxe6 Ra1+ 57. Rf1 Rxf1+ 58. Kxf1 h3 59. Kg1 Kf3 60. Ng5+ Kg4 61. e6 Kxg5 62. e7 Kf4 63. e8Q 1-0

[Event "Kaiserbrunnen op 1st"]
[Site "Brakel"]
[Date "2003.10.31"]
[Round "3"]
[White "Oser, Thor"]
[Black "Kessner, Helmut"]
[Result "1/2-1/2"]
[WhiteElo "1944"]
[BlackElo "1657"]
[PlyCount "58"]
[EventDate "2003.07.??"]
[EventType "swiss"]
[EventRounds "9"]
[EventCountry "GER"]
[SourceTitle "EXT 2006"]
[Source "ChessBase"]
[SourceDate "2005.11.24"]
[SourceVersion "1"]
[SourceVersionDate "2005.11.24"]
[SourceQuality "1"]

1. e4 c5 2. Nf3 e6 3. Be2 Nc6 4. 0-0 a6 5. d4 cxd4 6. Nxd4 d6 7. c4 Nf6 8. Nc3 Be7 9. Be3 0-0 10. Nxc6 bxc6 11. Qc2 c5 12. Rad1 Qc7 13. f4 Bb7 14. h3 Nd7 15. f5 Ne5 16. g4 h6 17. b3 Rad8 18. Qd2 Kh7 19. Bxh6 Rh8 20. Bf4 Kg8 21. Qe3 Bh4 22. Bxe5 dxe5 23. fxe6 fxe6 24. Rxd8+ Qxd8 25. Qxc5 Qd4+ 26. Qxd4 exd4 27. Na4 Bf6 28. Nc5 Bc8 29. Kg2 e5 1/2-1/2

[Event "Bad Sooden-Allendorf Seniors op 15th"]
[Site "Bad Sooden-Allendorf"]
[Date "2003.05.07"]
[Round "9"]
[White "Oldach, Ehrenfried"]
[Black "Kessner, Helmut"]
[Result "1-0"]
[WhiteElo "2054"]
[BlackElo "1661"]
[PlyCount "83"]
[EventDate "2003.05.??"]
[EventType "swiss"]
[EventRounds "9"]
[EventCountry "GER"]
[SourceTitle "EXT 2006"]
[Source "ChessBase"]
[SourceDate "2005.11.24"]
[SourceVersion "1"]
[SourceVersionDate "2005.11.24"]
[SourceQuality "1"]

1. e4 c5 2. d3 e6 3. f4 d6 4. Nf3 Nf6 5. Be2 Be7 6. 0-0 0-0 7. Qe1 Nc6 8. Nbd2 a6 9. Ng5 h6 10. Nh3 Nd4 11. Bd1 Qc7 12. c3 Nc6 13. Qg3 Kh8 14. Nf3 Nh5 15. Qe1 Nf6 16. Nh4 Rg8 17. g4 Nh7 18. g5 e5 19. f5 Qd8 20. Bb3 Bxg5 21. Nxg5 Nxg5 22. Nf3 Nxf3+ 23. Rxf3 Qf6 24. Rg3 Rf8 25. Qf1 Ne7 26. Qh3 Ng8 27. Bg5 Qg6 28. fxg6 Bxh3 29. gxf7 Nf6 30. Bxf6 gxf6 31. Rxh3 Kh7 32. Kf2 b5 33. Bd5 Ra7 34. Rg1 Rfxf7 35. Bxf7 Rxf7 36. Rf3 a5 37. h4 b4 38. cxb4 cxb4 39. Rc1 Kg6 40. Rf5 a4 41. h5+ Kg7 42. Rc4 1-0

[Event "Bad Sooden-Allendorf Seniors op 15th"]
[Site "Bad Sooden-Allendorf"]
[Date "2003.05.02"]
[Round "5"]
[White "Knab, Horst"]
[Black "Kessner, Helmut"]
[Result "0-1"]
[WhiteElo "1464"]
[BlackElo "1661"]
[PlyCount "83"]
[EventDate "2003.05.??"]
[EventType "swiss"]
[EventRounds "9"]
[EventCountry "GER"]
[SourceTitle "EXT 2006"]
[Source "ChessBase"]
[SourceDate "2005.11.24"]
[SourceVersion "1"]
[SourceVersionDate "2005.11.24"]
[SourceQuality "1"]

1. Nf3 d5 2. d4 a6 3. g3 e6 4. Bg2 Nf6 5. a3 c5 6. 0-0 cxd4 7. Nxd4 Nc6 8. c3 Be7 9. Nd2 Qb6 10. N2b3 0-0 11. Re1 a5 12. a4 Ne5 13. h3 Nc4 14. Qd3 Bd7 15. Ra2 e5 16. Nb5 Bxb5 17. axb5 Qxb5 18. Nd2 e4 19. Qc2 Bc5 20. Nxc4 Qxc4 21. Ra4 Qa6 22. b4 Bb6 23. e3 Qb5 24. Bf1 Qd7 25. Qa2 Qc7 26. Bb2 Qd8 27. Ra1 Bc7 28. Kg2 b6 29. bxa5 bxa5 30. c4 h5 31. Be2 h4 32. Bxf6 Qxf6 33. cxd5 hxg3 34. fxg3 Qe5 35. Kf1 Qxg3 36. Rxe4 Rae8 37. Rg4 Qxh3+ 38. Ke1 Rxe3 39. Kd1 Rfe8 40. Rg1 Rxe2 41. Qxe2 Rxe2 42. Kxe2 0-1